Direito administrativo de carne e osso estudos e ensaios /

Detalles Bibliográficos
Autor principal: Cyrino, Andř
Formato: eBook
Lenguaje:portugués
Publicado: Rio de Janeiro: Editora Processo, 2020
Materias:
Acceso en línea:Acceso restringido

MARC

LEADER 00000nam a22000007a 4500
005 20220720005643.0
007 cr|||| ||||
008 220720s2020 br |||||s|||| 00||0 por d
020 |a 978658935142-9 
035 |a 36749 
040 |a vLex 
090 |c 13613  |d 13613 
100 1 |a Cyrino, Andř 
245 1 0 |a Direito administrativo de carne e osso  |h [Recurso electrn̤ico] :  |b estudos e ensaios /  |c Andr ̌Cyrino 
256 |a Servicio en ln̕ea 
260 |a Rio de Janeiro:  |b Editora Processo,  |c 2020 
300 |a 1 recurso electrn̤ico 
506 1 |a Disponible solo en los productos indicados  |d vLex Global  |d vLex Global (Academic Edition, excluding Law Schools)  |d vLex Global (U.S. Academic Edition, Law Schools)  |d vLex Global (U.S. Academic Edition, excluding Law Schools)  |d vLex Global (Academic Edition, Law Schools) 
650 0 4 |a Derecho Pb︢lico y Administrativo  |z Brasil 
740 0 |a vLex Libros (Servicio en ln̕ea) 
856 4 0 |u https://app.vlex.com/#/sources/36749  |z Acceso restringido 
942 |c BOOK 
999 0 |a Public and Administrative Law